00460 2200181 4500245005300000020002200053250001000075100001800085700001900103700001800122650002200140005001900162260004100181041001400222084000800236300002500244336000900269 aMahasiswa di Atas Rata-RatacRatih KartikahText a978-623-00-1589-2 aCet.1 aRatih Kartika aAninta Mamoedi aYola Aryuveda aPengembangan Diri a20241017094502 aJakartabElex Media Komputindoc2020 aIndonesia a155 av, 176 hlm. :cilus. atext